000 00984nam a22002177a 4500
999 _c13805
_d13805
003 AR-CdUCM
008 190416b ||||| |||| 00| 0 spa d
040 _aMUNICIPALIDAD PROVINCIAL DEL CUSCO
_cBIBLIOTECA MUNICIPAL DEL CUSCO
082 _a985.613 /
_bP97
110 _aMinisterio de Educación Pública
_96342
245 _aEstudio socio-económico de la Comunidad de Zurite-Cuzco /
260 _aLima :
_bServicio Cooperativo Peruano-Norteamericano de Educación,
_c1960.
300 _a70 paginas ;
_bIlustraciones,diagramas,
_c26 cm.
505 _aContenido : Métodos de trabajo seguidos en el estudio --Datos generales de la comunidad --Población --Composición del grupo familiar --Vivienda ...
650 _aZurite, Comunidad de (Cus., Perú)
_932366
650 _aCondiciones económicas
_91989
650 _aCondiciones sociales
_91132
710 _aServicio Cooperativo Peruano Norteamericano de Educación
_920680
942 _2ddc
_cLIBROS
945 _arjall
_d2019-04-16